<?xml version="1.0" encoding="UTF-8"?>
<record
    xmlns:xsi="http://www.w3.org/2001/XMLSchema-instance"
    xsi:schemaLocation="http://www.loc.gov/MARC21/slim http://www.loc.gov/standards/marcxml/schema/MARC21slim.xsd"
    xmlns="http://www.loc.gov/MARC21/slim">

  <leader>00827nam a22001817a 4500</leader>
  <controlfield tag="005">20120213115125.0</controlfield>
  <datafield tag="020" ind1=" " ind2=" ">
    <subfield code="c">210.00</subfield>
    <subfield code="a"> </subfield>
  </datafield>
  <datafield tag="035" ind1=" " ind2=" ">
    <subfield code="a">B-63915</subfield>
  </datafield>
  <datafield tag="037" ind1=" " ind2=" ">
    <subfield code="b"> </subfield>
    <subfield code="a">dpl</subfield>
  </datafield>
  <datafield tag="082" ind1=" " ind2=" ">
    <subfield code="a">181.493</subfield>
  </datafield>
  <datafield tag="100" ind1=" " ind2=" ">
    <subfield code="a">&#x924;&#x94D;&#x930;&#x93F;&#x92A;&#x93E;&#x920;&#x940;, &#x930;&#x93E;&#x92E;&#x936;&#x902;&#x915;&#x930;</subfield>
    <subfield code="9">41705</subfield>
  </datafield>
  <datafield tag="245" ind1="1" ind2=" ">
    <subfield code="a">&#x92C;&#x94B;&#x927;&#x93F;&#x91A;&#x930;&#x94D;&#x92F;&#x93E;&#x935;&#x924;&#x93E;&#x930; /</subfield>
    <subfield code="c">&#x930;&#x93E;&#x92E;&#x936;&#x902;&#x915;&#x930; &#x924;&#x94D;&#x930;&#x93F;&#x92A;&#x93E;&#x920;&#x940;</subfield>
  </datafield>
  <datafield tag="260" ind1=" " ind2=" ">
    <subfield code="a">&#x932;&#x947;&#x939;</subfield>
    <subfield code="b">&#x915;&#x947;&#x928;&#x94D;&#x926;&#x94D;&#x930;&#x940;&#x92F; &#x92C;&#x94C;&#x926;&#x94D;&#x927; &#x935;&#x93F;&#x926;&#x94D;&#x92F;&#x93E; &#x938;&#x902;&#x938;&#x94D;&#x925;&#x93E;&#x928;</subfield>
    <subfield code="c">1986</subfield>
  </datafield>
  <datafield tag="270" ind1=" " ind2=" ">
    <subfield code="a"> </subfield>
    <subfield code="b"> </subfield>
    <subfield code="e"> </subfield>
    <subfield code="k"> </subfield>
  </datafield>
  <datafield tag="300" ind1=" " ind2=" ">
    <subfield code="a">648&#x92A;&#x943;.</subfield>
    <subfield code="c">22&#x938;&#x947;&#x92E;&#x940; (&#x938;&#x91C;&#x93F;&#x932;&#x94D;&#x926;)</subfield>
  </datafield>
  <datafield tag="942" ind1=" " ind2=" ">
    <subfield code="a">dpl</subfield>
    <subfield code="c">HN</subfield>
    <subfield code="k"> </subfield>
    <subfield code="2">ddc</subfield>
    <subfield code="h">181.493</subfield>
    <subfield code="m">&#x924;&#x94D;&#x930;&#x93F;&#x92A;&#x93E;&#x920;&#x940;</subfield>
  </datafield>
  <datafield tag="999" ind1=" " ind2=" ">
    <subfield code="c">62601</subfield>
    <subfield code="d">62601</subfield>
  </datafield>
  <datafield tag="952" ind1=" " ind2=" ">
    <subfield code="0">0</subfield>
    <subfield code="1">0</subfield>
    <subfield code="4">0</subfield>
    <subfield code="7">0</subfield>
    <subfield code="8">NFIC</subfield>
    <subfield code="a">ZLS</subfield>
    <subfield code="b">ZLS</subfield>
    <subfield code="d">2012-02-13</subfield>
    <subfield code="g">210.00</subfield>
    <subfield code="l">0</subfield>
    <subfield code="o">181.493 &#x924;&#x94D;&#x930;&#x93F;&#x92A;&#x93E;&#x920;&#x940;</subfield>
    <subfield code="p">B-63915</subfield>
    <subfield code="r">2012-02-13 00:00:00</subfield>
    <subfield code="v">210.00</subfield>
    <subfield code="w">2012-02-13</subfield>
    <subfield code="y">HN</subfield>
    <subfield code="z">Withdrawn List Prepared List No. 26/17</subfield>
  </datafield>
</record>
